ICC promotes dispute board rules worldwide (Record no. 75083)

MARC details
000 -LEADER
fixed length control field 00967cab a2200193 4500
001 - CONTROL NUMBER
control field L129348
008 - FIXED-LENGTH DATA ELEMENTS--GENERAL INFORMATION
fixed length control field 050413n2005 000 0 eng u
035 ## - SYSTEM CONTROL NUMBER
System control number (Sirsi) u129348
041 ## - LANGUAGE CODE
Language code of text/sound track or separate title eng
100 ## - MAIN ENTRY--PERSONAL NAME
Personal name Genton, Pierre M.
245 ## - TITLE STATEMENT
Title ICC promotes dispute board rules worldwide
260 ## - PUBLICATION, DISTRIBUTION, ETC.
Date of publication, distribution, etc. 2005
490 ## - SERIES STATEMENT
Series statement Construction Law Journal
Volume/sequential designation 21(2) (2005) 102-109(8)
520 ## - SUMMARY, ETC.
Summary, etc. Outlines the new rules by the International Chamber of Commerce which were published in September 2004 and notes how the international business community is invited to make use of these rules. It is hoped that they will be adopted by many potential users, professional organisations and institutions. The rules will be tailored for any mid or long term contract and will be a performing working tool.
590 ## - LOCAL NOTE (RLIN)
Local note IKA150405
650 ## - SUBJECT ADDED ENTRY--TOPICAL TERM
Topical term or geographic name entry element ICC DISPUTE BOARD RULES
690 ## - LOCAL SUBJECT ADDED ENTRY--TOPICAL TERM (OCLC, RLIN)
Topical term or geographic name as entry element MANAGEMENT-DISPUTE AVOIDANCE, MANAGEMENT AND RESOLUTION-DISPUTE MANAGEMENT AND RESOLUTION
942 ## - ADDED ENTRY ELEMENTS (KOHA)
Suppress in OPAC 0
Holdings
Withdrawn status Lost status Source of classification or shelving scheme Damaged status Not for loan Home library Current library Shelving location Date acquired Total Checkouts Full call number Barcode Date last seen Copy number Price effective from Koha item type
    Dewey Decimal Classification     London London Journal article 13/04/2005   L129348 129348-1001 06/08/2019 1 06/08/2019 Journal article